00674nam a2200169Ia 4500008004100000020001800041082002000059100002800079245010300107260002100210300000800231500006100239650002600300700006200326952009900388999001700487120622s9999 xx 000 0 und d a968-26-0064-2 a338.5 B582b v.6 aChristenson, Charles J. aBiblioteca de economía empresarial / Charles J. Christenson, Richard F. Vancil, Paul W. Marshall aMéxico : CECSA av.6 aTitulo original : Managerial economics : texts and cases a1. ECONOMIA GERENCIAL aVancil, Richard F., coaut. \ Marshall, Paul W., coaut.Ì 00102lcc4070a22b22d2007-01-25l0o338.5 B582B V.6p01 001052r2023-07-15w2012-06-24yLB c57771d57771